|
|
|
|
| LEADER |
00000nam0a2200000 4500 |
| 001 |
339399 |
| 005 |
20231102005136.0 |
| 035 |
|
|
|a (RuTPU)RU\TPU\book\365914
|
| 090 |
|
|
|a 339399
|
| 100 |
|
|
|a 20171219d1971 km y0rusy50 ca
|
| 101 |
0 |
|
|a rus
|
| 102 |
|
|
|a RU
|
| 105 |
|
|
|a a z 001zy
|
| 200 |
1 |
|
|a Высокопрочные и особо быстротвердеющие портландцементы
|f И. В. Кравченко, М. Т. Власова, Б. И. Юдович
|g Государственный всесоюзный научно-исследовательский институт цементной промышленности (НИИЦемент)
|
| 210 |
|
|
|a Москва
|c Изд-во литературы по строительству
|d 1971
|
| 215 |
|
|
|a 231 с.
|c ил.
|
| 320 |
|
|
|a Библиогр.: с. 222-229
|
| 606 |
1 |
|
|a Портландцемент
|x Производство
|2 stltpush
|3 (RuTPU)RU\TPU\subj\35377
|9 57074
|
| 610 |
1 |
|
|a сырьевые смеси
|
| 610 |
1 |
|
|a цементы
|
| 610 |
1 |
|
|a проектирование
|
| 610 |
1 |
|
|a подготовка
|
| 610 |
1 |
|
|a обжиг клинкера
|
| 610 |
1 |
|
|a строительно-технические свойства
|
| 610 |
1 |
|
|a технологические параметры
|
| 610 |
1 |
|
|a промышленное производство
|
| 610 |
1 |
|
|a использование
|
| 610 |
1 |
|
|a строительство
|
| 610 |
1 |
|
|a зарубежный опыт
|
| 675 |
|
|
|a 666.942
|v 4
|
| 700 |
|
1 |
|a Кравченко
|b И. В.
|g Ирина Васильевна
|
| 701 |
|
1 |
|a Власова
|b М. Т.
|g Мария Тимофеевна
|
| 701 |
|
1 |
|a Юдович
|b Б. И.
|g Борис Иммануилович
|
| 712 |
0 |
2 |
|a Государственный всесоюзный научно-исследовательский институт цементной промышленности (НИИЦемент)
|c (1947-1991)
|2 stltpush
|3 (RuTPU)RU\TPU\col\16895
|
| 801 |
|
1 |
|a RU
|b 63413507
|c 20171219
|
| 801 |
|
2 |
|a RU
|b 63413507
|c 20171220
|g RCR
|
| 942 |
|
|
|c BK
|